<?xml version="1.0" encoding="UTF-8"?><?xml-stylesheet type="text/xsl" href="static/style.xsl"?><OAI-PMH xmlns="http://www.openarchives.org/OAI/2.0/" xmlns:xsi="http://www.w3.org/2001/XMLSchema-instance" xsi:schemaLocation="http://www.openarchives.org/OAI/2.0/ http://www.openarchives.org/OAI/2.0/OAI-PMH.xsd"><responseDate>2026-04-30T05:14:52Z</responseDate><request verb="GetRecord" identifier="oai:uvadoc.uva.es:10324/58835" metadataPrefix="marc">https://uvadoc.uva.es/oai/request</request><GetRecord><record><header><identifier>oai:uvadoc.uva.es:10324/58835</identifier><datestamp>2023-03-06T20:03:58Z</datestamp><setSpec>com_10324_1184</setSpec><setSpec>com_10324_931</setSpec><setSpec>com_10324_894</setSpec><setSpec>col_10324_1400</setSpec></header><metadata><record xmlns="http://www.loc.gov/MARC21/slim" xmlns:doc="http://www.lyncode.com/xoai" xmlns:xsi="http://www.w3.org/2001/XMLSchema-instance" xmlns:dcterms="http://purl.org/dc/terms/" xsi:schemaLocation="http://www.loc.gov/MARC21/slim http://www.loc.gov/standards/marcxml/schema/MARC21slim.xsd">
<leader>00925njm 22002777a 4500</leader>
<datafield tag="042" ind1=" " ind2=" ">
<subfield code="a">dc</subfield>
</datafield>
<datafield tag="720" ind1=" " ind2=" ">
<subfield code="a">Martínez Corcoles, Mario</subfield>
<subfield code="e">author</subfield>
</datafield>
<datafield tag="720" ind1=" " ind2=" ">
<subfield code="a">Zhu, Xi</subfield>
<subfield code="e">author</subfield>
</datafield>
<datafield tag="260" ind1=" " ind2=" ">
<subfield code="c">2020</subfield>
</datafield>
<datafield tag="520" ind1=" " ind2=" ">
<subfield code="a">Despite the growing research interest in proactivity, little is known about the relational mechanisms that cultivate individuals’ proactivity in the workplace. This research aims to explore the leader–follower relational mechanisms leading to employee proactive performance in innovative startups. The sample consisted of 83 employees from eleven startups. Conditional process modeling was conducted to explore the background relational mechanisms of employee proactive performance. Employees with upward psychological safety (who felt safe to speak up and contribute in front of their leaders) were willing to go beyond their formal roles and job descriptions for the sake of the firm (challenging role orientation). In turn, this orientation predicted self-directed efforts and initiated better ways of doing their job (proactive performance). Under high levels of perceived uncertainty, upward psychological safety was a stronger predictor of proactive performance through a challenging role orientation. This study reveals that upward psychological safety is critical for enhancing employee proactivity at work, particularly under high uncertainty.</subfield>
</datafield>
<datafield tag="024" ind2=" " ind1="8">
<subfield code="a">Sustainability, 2020, Vol. 12, Nº. 23, 9878</subfield>
</datafield>
<datafield tag="024" ind2=" " ind1="8">
<subfield code="a">2071-1050</subfield>
</datafield>
<datafield tag="024" ind2=" " ind1="8">
<subfield code="a">https://uvadoc.uva.es/handle/10324/58835</subfield>
</datafield>
<datafield tag="024" ind2=" " ind1="8">
<subfield code="a">10.3390/su12239878</subfield>
</datafield>
<datafield tag="024" ind2=" " ind1="8">
<subfield code="a">9878</subfield>
</datafield>
<datafield tag="024" ind2=" " ind1="8">
<subfield code="a">23</subfield>
</datafield>
<datafield tag="024" ind2=" " ind1="8">
<subfield code="a">Sustainability</subfield>
</datafield>
<datafield tag="024" ind2=" " ind1="8">
<subfield code="a">12</subfield>
</datafield>
<datafield tag="024" ind2=" " ind1="8">
<subfield code="a">2071-1050</subfield>
</datafield>
<datafield ind1=" " ind2=" " tag="653">
<subfield code="a">Proactivity</subfield>
</datafield>
<datafield ind1=" " ind2=" " tag="653">
<subfield code="a">Innovation/Technology Management</subfield>
</datafield>
<datafield ind1=" " ind2=" " tag="653">
<subfield code="a">Innovaciones Tecnológicas</subfield>
</datafield>
<datafield ind1=" " ind2=" " tag="653">
<subfield code="a">Start-Ups/Venture Capital</subfield>
</datafield>
<datafield ind1=" " ind2=" " tag="653">
<subfield code="a">Uncertainty</subfield>
</datafield>
<datafield ind1=" " ind2=" " tag="653">
<subfield code="a">Attitude (Psychology)</subfield>
</datafield>
<datafield ind1=" " ind2=" " tag="653">
<subfield code="a">Relaciones laborales</subfield>
</datafield>
<datafield ind1=" " ind2=" " tag="653">
<subfield code="a">Sustainability Management</subfield>
</datafield>
<datafield tag="245" ind1="0" ind2="0">
<subfield code="a">Leading proactivity in innovative startups: a moderated mediation model</subfield>
</datafield>
</record></metadata></record></GetRecord></OAI-PMH>